Muzikantské toulky polka /

Hlavní autor: Doško, Ada, 1937-1999
Další autoři: Hájek, Jaroslav, 1944-, Pecha, Antonín, 1959-, Čepelka, Miloň, 1936-
Jazyk: Čeština
Vydáno: Praha : Kubešovo hudební vydavatelství, [199-?]
Témata:
Fyzický popis: 1 řídící hlas + 16 hlasů ; 30 cm
Hudebniny Hudebniny
Uloženo v:
LEADER 01509ncm a2200409 a 4500
001 000728049
003 CZ BrMZK
005 20050202140020.0
007 qu
008 040810nuuuuuuuuxr muade cze d
024 2 |a M 66055-024-3 
028 0 0 |a 30-0039  |b Kubešovo hudební vydavatelství 
040 |a BOA001  |b cze 
047 |a df  |a wz 
048 |b vu  |a of 
072 7 |a 788  |x Hudba pro dechové nástroje  |2 Konspekt  |9 9 
080 |a 788  |2 MRF 
080 |a 785.12  |2 MRF 
080 |a 778.087  |2 MRF 
080 |a 78.085.2  |2 MRF 
100 1 |a Doško, Ada,  |d 1937-1999  |7 xx0006100  |4 cmp 
245 1 0 |a Muzikantské toulky  |h [hudebnina] :  |b polka /  |c hudba Ada Doško ; text Jaroslav Hájek 
254 |a Partitura a hlasy 
260 |a Praha :  |b Kubešovo hudební vydavatelství,  |c [199-?] 
300 |a 1 řídící hlas + 16 hlasů ;  |c 30 cm 
501 |a Společně s: Hejno drozdů : valčík / hudba Antonín Pecha ; text Miloň Čepelka 
650 0 7 |a dechová hudba (zpěv, dechový orchestr)  |7 ph321440  |2 czenas 
650 0 4 |a valčíky (zpěv, dechová hudba) 
650 0 4 |a polky (zpěv, dechová hudba) 
655 7 |a hlasy  |7 fd186703  |2 czenas 
700 1 2 |a Hájek, Jaroslav,  |d 1944-  |7 mzk2005290040  |4 lyr 
700 1 2 |a Pecha, Antonín,  |d 1959-  |7 mzk2005290039  |4 cmp 
700 1 2 |a Čepelka, Miloň,  |d 1936-  |7 jk01021264  |4 lyr 
740 0 2 |a Hejno drozdů 
910 |a BOA001  |b Mus4-1137.622 
990 |a MU 
996 6 |b 2610222490  |c Mus4-1137.622  |l MZK  |r Sklad / do 1 hodiny  |n 0  |w 000728049  |u 000010  |a 1  |e BOA001  |j MZK50  |s P